000 00618cab a2200205 4500
001 WB3209-43
008 090401t1996 xxu||||| |||| 00| 0 eng d
035 _a(Sirsi) u40345
041 _aeng
245 _aPlanning enforcement action statistics
260 _c1996
350 _a0
490 _aDOE Information Bulletin
_v(068) 23 February 1996, (24)
520 _aStatistics on planning enforcement action by local authorities April 1994 to March 1995.
650 _aENFORCEMENT NOTICES
650 _aPLANNING ENFORCEMENT ACTION
690 _aPLANNING LAW AND PRACTICE
942 _n0
948 _c04/03/1997
999 _c25850
_d25850